00254nam a2200097Ia 4500008004100000082001200041100002400053245006000077260000900137300001000146190415s9999 xx 000 0 und d aRN.0012 aNath, Golakh Bihari 0aSocio-economic survey of a village under rehabilitation c1984 a117p.